Cuba para principiantes / (Registro nro. 7382)

Detalles MARC
000 -LEADER
fixed length control field 00674nam a22002177a 4500
003 - CONTROL NUMBER IDENTIFIER
control field OSt
005 - DATE AND TIME OF LATEST TRANSACTION
control field 20210301112742.0
008 - FIXED-LENGTH DATA ELEMENTS--GENERAL INFORMATION
fixed length control field 210301s1981 mx a|||gr|||| 00| 0 spa d
020 ## - INTERNATIONAL STANDARD BOOK NUMBER
International Standard Book Number 9684191715
040 ## - CATALOGING SOURCE
Original cataloging agency CO-JMCR
Transcribing agency CO-JMCR
082 04 - DEWEY DECIMAL CLASSIFICATION NUMBER
Classification number 972 /
Item number R615C
Edition number 23
100 1# - MAIN ENTRY--PERSONAL NAME
Personal name Rius,
Relator term autor
9 (RLIN) 14134
245 10 - TITLE STATEMENT
Title Cuba para principiantes /
Statement of responsibility, etc. Rius
250 ## - EDITION STATEMENT
Edition statement Séptima edición
260 ## - PUBLICATION, DISTRIBUTION, ETC.
Place of publication, distribution, etc. México :
Name of publisher, distributor, etc. Grijalbo,
Date of publication, distribution, etc. 1981
300 ## - PHYSICAL DESCRIPTION
Extent 157 páginas :
Other physical details ilustraciones en blanco y negro ;
Dimensions 22 cm.
500 ## - GENERAL NOTE
General note Contiene datos biográficos del autor en tapa posterior.
650 14 - SUBJECT ADDED ENTRY--TOPICAL TERM
Topical term or geographic name entry element Historia Cubana
9 (RLIN) 14126
650 14 - SUBJECT ADDED ENTRY--TOPICAL TERM
Topical term or geographic name entry element Hechos históricos
Geographic subdivision Cuba
9 (RLIN) 14135
942 ## - ADDED ENTRY ELEMENTS (KOHA)
Source of classification or shelving scheme Dewey Decimal Classification
Koha item type Books
Existencias
Withdrawn status Lost status Source of classification or shelving scheme Damaged status Not for loan Home library Current library Shelving location Date acquired Source of acquisition Total Checkouts Full call number Barcode Date last seen Copy number Price effective from Koha item type
    Dewey Decimal Classification     Biblioteca Pública José María del Castillo y Rada Biblioteca Pública José María del Castillo y Rada General Stacks 02/25/2021 Donación   972 / R615c 201810644 05/16/2024 Ej.1 02/25/2021 Books